| 000 | 01331cam a2200265 4500 | ||
|---|---|---|---|
| 001 | ABS67193 | ||
| 008 | 031015n2003 000 0 eng u | ||
| 035 | _a(Sirsi) u123931 | ||
| 100 | _aDowden, M. | ||
| 245 | _aLand Registration Act | ||
| 260 | _c2003 | ||
| 490 |
_aEstates Gazette _v(0340) 4 October 2003, 144-145 |
||
| 490 |
_aEstates Gazette _v(0341) 11 October 2003, 176-177(2) |
||
| 520 | _aArticles five and six in a series of six articles on the Land Registration Act 2002 which came into force on 13 October 2003. Article five assesses the effect of the 2002 Act on the Landlord and Tenant Act 1954 proceedings with its emphasis on total registration of title. Article six summarises the practical day-to-day implications of the 2002 Act. Reminds practitioners that leases and mortgages will be open to public view, emphasises the importance of the registration of easements and leases, the disclosure of overriding interests and the registration of leases in excess of 7 years. (For articles one to four, see Abs67102). | ||
| 590 | _aABS | ||
| 650 | _aLAND REGISTRATION ACT 2002 | ||
| 650 | _aLAND REGISTRATION | ||
| 650 | _aREGISTRATION OF TITLE | ||
| 650 | _aLAND REGISTRATION RULES 2003 | ||
| 690 | _aPROPERTY | ||
| 700 | _aColby, A. | ||
| 700 | _aFenn, F. | ||
| 700 | _aWilliams, P. | ||
| 942 | _n0 | ||
| 999 |
_c73598 _d73598 |
||